[Event "MCR druzstev mladsich zaku 2016"]
[Site "Hradec Kralove"]
[Date "2016.06.12"]
[Round "2.11"]
[White "Bartos (Ricany A), Vaclav"]
[Black "Dudova (BSS F-M \"B\"), Pavlina"]
[Result "1/2-1/2"]
[BlackElo "1472"]
[WhiteElo "1232"]
[LiveChessVersion "1.4.8"]

1. e4 {[%clk 0:25:19]} e5 {[%clk 0:25:19]} 2. Nf3 {[%clk 0:25:27]} Nc6
{[%clk 0:25:27]} 3. Bb5 {[%clk 0:25:36]} a6 {[%clk 0:25:36]} 4. Ba4
{[%clk 0:25:44]} b5 {[%clk 0:25:45]} 5. Bb3 {[%clk 0:25:53]} Nf6 {[%clk 0:25:52]}
6. O-O {[%clk 0:25:54]} Be7 {[%clk 0:25:59]} 7. c3 {[%clk 0:25:32]} d6
{[%clk 0:25:54]} 8. d3 {[%clk 0:25:38]} O-O {[%clk 0:25:46]} 9. h3
{[%clk 0:25:47]} Bb7 {[%clk 0:25:20]} 10. Be3 {[%clk 0:25:43]} h6
{[%clk 0:23:35]} 11. Nbd2 {[%clk 0:25:45]} Re8 {[%clk 0:23:05]} 12. d4
{[%clk 0:23:41]} exd4 {[%clk 0:22:50]} 13. cxd4 {[%clk 0:23:47]} Na5
{[%clk 0:20:38]} 14. Bc2 {[%clk 0:23:24]} c5 {[%clk 0:19:26]} 15. d5
{[%clk 0:23:23]} c4 {[%clk 0:17:27]} 16. b4 {[%clk 0:22:08]} c3 {[%clk 0:14:16]}
17. bxa5 {[%clk 0:22:12]} cxd2 {[%clk 0:14:24]} 18. Bxd2 {[%clk 0:22:18]} Bf8
{[%clk 0:12:52]} 19. Re1 {[%clk 0:22:08]} Rc8 {[%clk 0:11:32]} 20. Qb1
{[%clk 0:21:46]} Rc7 {[%clk 0:10:56]} 21. a4 {[%clk 0:20:27]} bxa4
{[%clk 0:10:23]} 22. Rxa4 {[%clk 0:20:02]} Qc8 {[%clk 0:09:59]} 23. Bd3
{[%clk 0:19:30]} Qd7 {[%clk 0:09:14]} 24. Rb4 {[%clk 0:19:14]} Qc8
{[%clk 0:07:55]} 25. Rb6 {[%clk 0:18:12]} Nd7 {[%clk 0:06:49]} 26. Rb4
{[%clk 0:17:26]} Nc5 {[%clk 0:06:46]} 27. Bc2 {[%clk 0:16:01]} Ba8
{[%clk 0:03:46]} 28. Nd4 {[%clk 0:13:40]} Rb7 {[%clk 0:02:46]} 29. f3
{[%clk 0:10:34]} Rxb4 {[%clk 0:01:13]} 30. Qxb4 {[%clk 0:10:10]} Qc7
{[%clk 0:01:03]} 31. Qb6 {[%clk 0:09:23]} Qxb6 {[%clk 0:00:16]} 32. axb6
{[%clk 0:09:30]} Rb8 {[%clk 0:00:24]} 33. Rb1 {[%clk 0:09:36]} Nd7
{[%clk 0:00:24]} 34. Nc6 {[%clk 0:09:25]} Bxc6 {[%clk 0:00:27]} 35. dxc6
{[%clk 0:09:33]} Nxb6 {[%clk 0:00:11]} 36. c7 {[%clk 0:09:37]} Rc8
{[%clk 0:00:19]} 37. Rxb6 {[%clk 0:09:45]} Rxc7 {[%clk 0:00:28]} 38. Bd3
{[%clk 0:09:45]} Rd7 {[%clk 0:00:28]} 39. Rxa6 {[%clk 0:09:50]} d5
{[%clk 0:00:35]} 40. exd5 {[%clk 0:07:41]} Rxd5 {[%clk 0:00:44]} 41. Ra8
{[%clk 0:07:32]} Rxd3 {[%clk 0:00:51]} 42. Bb4 {[%clk 0:07:40]} Rd1+
{[%clk 0:00:42]} 43. Kh2 {[%clk 0:07:45]} Kh7 {[%clk 0:00:45]} 44. Rxf8
{[%clk 0:07:49]} Rb1 {[%clk 0:00:45]} 45. Bd6 {[%clk 0:07:39]} Rd1
{[%clk 0:00:54]} 46. Bg3 {[%clk 0:07:41]} Rd7 {[%clk 0:00:57]} 47. h4
{[%clk 0:07:45]} f6 {[%clk 0:01:01]} 48. h5 {[%clk 0:07:48]} Rd5 {[%clk 0:01:08]}
49. Bf4 {[%clk 0:07:05]} Rxh5+ {[%clk 0:01:14]} 50. Kg3 {[%clk 0:07:10]} Rd5
{[%clk 0:01:02]} 51. Kg4 {[%clk 0:06:57]} Rd4 {[%clk 0:01:05]} 52. Kg3
{[%clk 0:05:43]} h5 {[%clk 0:01:00]} 53. Be3 {[%clk 0:05:30]} Rd3
{[%clk 0:00:59]} 54. Kf2 {[%clk 0:05:18]} h4 {[%clk 0:00:51]} 55. Bf4
{[%clk 0:04:54]} Rd4 {[%clk 0:00:38]} 56. g3 {[%clk 0:04:40]} h3 {[%clk 0:00:32]}
57. Kg1 {[%clk 0:04:48]} Rd3 {[%clk 0:00:34]} 58. Kh2 {[%clk 0:04:55]} Rxf3
{[%clk 0:00:42]} 59. Kxh3 {[%clk 0:05:04]} g5 {[%clk 0:00:37]} 60. Kg4
{[%clk 0:03:50]} Rf2 {[%clk 0:00:28]} 61. Bd6 {[%clk 0:03:51]} Kg7
{[%clk 0:00:24]} 62. Bc5 {[%clk 0:03:04]} Rc2 {[%clk 0:00:26]} 63. Rc8
{[%clk 0:03:06]} Kf7 {[%clk 0:00:23]} 64. Kf5 {[%clk 0:03:02]} Rc3
{[%clk 0:00:21]} 65. Rf8+ {[%clk 0:02:47]} Kg7 {[%clk 0:00:24]} 66. Be7
{[%clk 0:01:09]} Rxg3 {[%clk 0:00:26]} 67. Rxf6 {[%clk 0:01:03]} Rf3+
{[%clk 0:00:33]} 1/2-1/2

[Event "MCR druzstev mladsich zaku 2016"]
[Site "Hradec Kralove"]
[Date "2016.06.12"]
[Round "2.12"]
[White "Vasinek (BSS F-M \"B\"), Martin"]
[Black "Smolik (Ricany A), Jachym"]
[Result "1-0"]
[BlackElo "1284"]
[WhiteElo "1425"]
[LiveChessVersion "1.4.8"]

1. e4 {[%clk 0:25:17]} c5 {[%clk 0:25:17]} 2. Nf3 {[%clk 0:25:24]} d6
{[%clk 0:25:24]} 3. d4 {[%clk 0:25:32]} cxd4 {[%clk 0:25:31]} 4. Nxd4
{[%clk 0:25:40]} Nf6 {[%clk 0:25:39]} 5. Nc3 {[%clk 0:25:48]} Nc6
{[%clk 0:25:45]} 6. Be3 {[%clk 0:25:56]} g6 {[%clk 0:25:49]} 7. Bc4
{[%clk 0:25:59]} Bg7 {[%clk 0:25:49]} 8. h3 {[%clk 0:26:02]} Bd7 {[%clk 0:25:48]}
9. f4 {[%clk 0:25:58]} e5 {[%clk 0:24:48]} 10. Nxc6 {[%clk 0:25:33]} Bxc6
{[%clk 0:24:44]} 11. fxe5 {[%clk 0:25:30]} dxe5 {[%clk 0:24:48]} 12. Qxd8+
{[%clk 0:25:29]} Rxd8 {[%clk 0:24:56]} 13. Bd3 {[%clk 0:25:09]} a6
{[%clk 0:24:37]} 14. O-O-O {[%clk 0:25:06]} O-O {[%clk 0:24:15]} 15. Bg5
{[%clk 0:25:13]} b5 {[%clk 0:23:46]} 16. Rhf1 {[%clk 0:25:08]} Rd6
{[%clk 0:23:28]} 17. Bxf6 {[%clk 0:24:43]} Rxf6 {[%clk 0:23:26]} 18. Rxf6
{[%clk 0:24:10]} Bxf6 {[%clk 0:23:30]} 19. Rf1 {[%clk 0:23:59]} Bg7
{[%clk 0:23:12]} 20. g4 {[%clk 0:23:38]} Bh6+ {[%clk 0:23:10]} 21. Kb1
{[%clk 0:23:23]} b4 {[%clk 0:23:07]} 22. Ne2 {[%clk 0:23:12]} a5 {[%clk 0:23:05]}
23. h4 {[%clk 0:23:02]} g5 {[%clk 0:22:06]} 24. Rf6 {[%clk 0:22:47]} Bb7
{[%clk 0:19:59]} 25. Rxh6 {[%clk 0:22:46]} f6 {[%clk 0:19:33]} 26. Ng3
{[%clk 0:22:21]} Rd8 {[%clk 0:18:31]} 27. Kc1 {[%clk 0:22:08]} Rf8
{[%clk 0:17:56]} 28. Nf5 {[%clk 0:22:09]} Ba8 {[%clk 0:16:49]} 29. hxg5
{[%clk 0:22:00]} fxg5 {[%clk 0:16:32]} 30. Kd2 {[%clk 0:21:36]} Bc6
{[%clk 0:16:18]} 31. Rxc6 {[%clk 0:21:40]} Re8 {[%clk 0:15:27]} 32. Rc7
{[%clk 0:21:40]} Rd8 {[%clk 0:14:44]} 33. Ke2 {[%clk 0:21:40]} Rb8
{[%clk 0:13:42]} 34. Nh6+ {[%clk 0:21:39]} Kh8 {[%clk 0:13:05]} 35. Bc4
{[%clk 0:21:14]} Rf8 {[%clk 0:12:38]} 36. Be6 {[%clk 0:20:30]} Rf6
{[%clk 0:12:28]} 37. Nf7+ {[%clk 0:19:48]} Kg7 {[%clk 0:12:32]} 38. Nxe5+
{[%clk 0:19:48]} Kh6 {[%clk 0:11:38]} 39. Bf5 {[%clk 0:19:49]} Rxf5
{[%clk 0:11:19]} 40. gxf5 {[%clk 0:19:48]} Kh5 {[%clk 0:11:15]} 41. Rxh7# 1-0

[Event "MCR druzstev mladsich zaku 2016"]
[Site "Hradec Kralove"]
[Date "2016.06.12"]
[Round "2.13"]
[White "Vojta (Polabiny A), Jakub"]
[Black "Hosnedl (VSTE CB), Matyas"]
[Result "1-0"]
[BlackElo "1637"]
[WhiteElo "1967"]
[LiveChessVersion "1.4.8"]

1. e4 {[%clk 0:25:17]} e5 {[%clk 0:25:17]} 2. d4 {[%clk 0:25:26]} exd4
{[%clk 0:25:21]} 3. Bc4 {[%clk 0:25:31]} Nc6 {[%clk 0:25:14]} 4. Nf3
{[%clk 0:25:33]} Bc5 {[%clk 0:25:08]} 5. O-O {[%clk 0:25:34]} Nge7
{[%clk 0:24:53]} 6. Ng5 {[%clk 0:25:15]} Ne5 {[%clk 0:24:20]} 7. Nxf7
{[%clk 0:25:19]} Nxf7 {[%clk 0:24:19]} 8. Bxf7+ {[%clk 0:25:27]} Kxf7
{[%clk 0:24:26]} 9. Qh5+ {[%clk 0:25:36]} Ng6 {[%clk 0:23:46]} 10. Qxc5
{[%clk 0:25:41]} d6 {[%clk 0:23:11]} 11. Qxd4 {[%clk 0:25:45]} Be6
{[%clk 0:23:15]} 12. f4 {[%clk 0:25:43]} Bd7 {[%clk 0:23:09]} 13. e5
{[%clk 0:25:22]} Bc6 {[%clk 0:22:07]} 14. e6+ {[%clk 0:24:45]} Kf8
{[%clk 0:21:06]} 15. f5 {[%clk 0:23:51]} Ne5 {[%clk 0:20:32]} 16. f6
{[%clk 0:23:44]} gxf6 {[%clk 0:20:39]} 17. Qh4 {[%clk 0:21:09]} Ng6
{[%clk 0:15:43]} 18. Rxf6+ {[%clk 0:19:02]} Ke8 {[%clk 0:14:47]} 19. Qd4
{[%clk 0:17:08]} Ne5 {[%clk 0:13:19]} 20. Bg5 {[%clk 0:15:37]} Qc8
{[%clk 0:11:06]} 21. Qh4 {[%clk 0:14:57]} Rg8 {[%clk 0:09:27]} 22. Qh5+
{[%clk 0:14:39]} Rg6 {[%clk 0:09:03]} 23. Nc3 {[%clk 0:14:04]} b5
{[%clk 0:07:14]} 24. Raf1 {[%clk 0:14:04]} Nf3+ {[%clk 0:06:32]} 25. gxf3
{[%clk 0:13:36]} Qd8 {[%clk 0:06:33]} 26. Rxg6 {[%clk 0:13:28]} 1-0

[Event "MCR druzstev mladsich zaku 2016"]
[Site "Hradec Kralove"]
[Date "2016.06.12"]
[Round "2.14"]
[White "Stastna (VSTE CB), Martina"]
[Black "Jirousek (Polabiny A), Jan"]
[Result "0-1"]
[BlackElo "1633"]
[WhiteElo "1504"]
[LiveChessVersion "1.4.8"]

1. e4 {[%clk 0:25:17]} c6 {[%clk 0:25:19]} 2. d4 {[%clk 0:25:24]} d5
{[%clk 0:25:26]} 3. exd5 {[%clk 0:25:29]} cxd5 {[%clk 0:25:34]} 4. Bf4
{[%clk 0:25:32]} Nc6 {[%clk 0:25:21]} 5. c3 {[%clk 0:25:21]} Nf6 {[%clk 0:25:14]}
6. Bd3 {[%clk 0:25:19]} g6 {[%clk 0:25:19]} 7. Nd2 {[%clk 0:25:14]} Bg7
{[%clk 0:25:21]} 8. Ngf3 {[%clk 0:25:08]} O-O {[%clk 0:25:26]} 9. O-O
{[%clk 0:25:16]} Bf5 {[%clk 0:25:34]} 10. Bxf5 {[%clk 0:24:57]} gxf5 11. Qc2
{[%clk 0:24:51]} e6 {[%clk 0:25:27]} 12. Ne5 {[%clk 0:24:28]} Ne4
{[%clk 0:25:06]} 13. Nxe4 {[%clk 0:23:54]} fxe4 {[%clk 0:25:12]} 14. Ng4
{[%clk 0:23:43]} Kh8 {[%clk 0:24:11]} 15. f3 {[%clk 0:22:49]} Rg8
{[%clk 0:22:32]} 16. fxe4 {[%clk 0:20:38]} Bxd4+ {[%clk 0:22:08]} 17. cxd4
{[%clk 0:19:14]} Rxg4 {[%clk 0:22:13]} 18. Rad1 {[%clk 0:18:09]} Qd7
{[%clk 0:17:52]} 19. exd5 {[%clk 0:17:26]} Qxd5 {[%clk 0:17:03]} 20. h3
{[%clk 0:14:33]} Rg6 {[%clk 0:13:35]} 21. b3 {[%clk 0:12:41]} Rag8
{[%clk 0:13:09]} 22. Rf2 {[%clk 0:11:32]} a6 {[%clk 0:06:20]} 23. Be3
{[%clk 0:10:00]} Nb4 {[%clk 0:05:31]} 24. Qd2 {[%clk 0:09:28]} a5
{[%clk 0:05:12]} 25. Rc1 {[%clk 0:09:02]} Nc6 {[%clk 0:04:09]} 26. Rc2
{[%clk 0:07:20]} f5 {[%clk 0:03:44]} 27. Rc5 {[%clk 0:06:47]} Qd7
{[%clk 0:02:47]} 28. d5 {[%clk 0:06:05]} exd5 {[%clk 0:01:41]} 29. Rxd5
{[%clk 0:05:45]} Qg7 {[%clk 0:01:21]} 30. Bd4 {[%clk 0:05:25]} Nxd4
{[%clk 0:01:29]} 31. Qxd4 {[%clk 0:05:33]} Qxd4 {[%clk 0:01:20]} 32. Rxd4
{[%clk 0:05:41]} Rg3 {[%clk 0:00:34]} 33. Rh4 {[%clk 0:05:34]} R8g5
{[%clk 0:00:28]} 34. Kh2 {[%clk 0:05:30]} Kg7 {[%clk 0:00:25]} 35. Rd4
{[%clk 0:05:25]} Kf6 {[%clk 0:00:19]} 36. Rd5 {[%clk 0:05:21]} b6
{[%clk 0:00:24]} 37. Re2 {[%clk 0:05:23]} f4 {[%clk 0:00:24]} 38. Rd6+
{[%clk 0:05:23]} Kf7 {[%clk 0:00:12]} 39. Rc2 {[%clk 0:05:23]} f3
{[%clk 0:00:12]} 40. Rc7+ {[%clk 0:05:20]} Ke8 {[%clk 0:00:21]} 41. Rxb6
{[%clk 0:05:28]} Rxg2+ {[%clk 0:00:28]} 42. Kh1 {[%clk 0:05:30]} Rg1+
{[%clk 0:00:37]} 43. Kh2 {[%clk 0:05:39]} R5g2# 0-1

[Event "MCR druzstev mladsich zaku 2016"]
[Site "Hradec Kralove"]
[Date "2016.06.12"]
[Round "2.15"]
[White "Ret (Polabiny A), Adam Josef"]
[Black "Bauer (VSTE CB), Jan"]
[Result "0-1"]
[BlackElo "1314"]
[WhiteElo "1460"]
[LiveChessVersion "1.4.8"]

1. d4 d5 2. c4 e6 3. Nc3 Nf6 4. cxd5 exd5 5. Bg5 Be7 6. e3 O-O 7. Bd3 Re8 8. Nf3
Bg4 9. O-O Nc6 10. h3 Bh5 11. Re1 a6 12. Be2 Ne4 13. Bxe7 Rxe7 14. Nxe4 dxe4 15.
Nd2 Bxe2 16. Qxe2 Nb4 17. Rf1 Nd3 18. Nxe4 f5 19. Qxd3 fxe4 20. Qb3+ Kh8 21. Qxb7
c5 22. Qc6 cxd4 23. exd4 Rb8 24. b3 Qxd4 25. Qxa6 e3 26. fxe3 Rxe3 27. Kh1 Rbe8
28. Qc6 R3e6 29. Qf3 Rf6 30. Qc6 Rxc6 31. a4 Rce6 32. Rab1 Qd3 33. Kh2 Qd6+ 34.
Kh1 h6 35. a5 Qb4 36. Ra1 Qxb3 37. a6 Ra8 38. a7 Qe3 39. Rf7 Re7 40. Rff1 Rexa7
41. Rad1 Qe2 42. Rg1 Qxd1 43. Rxd1 Ra1 44. Rxa1 Rxa1+ 45. Kh2 g5 46. Kg3 Kg7 47.
Kf2 Kf6 48. Kg3 Kf5 49. Kf3 Ra3+ 50. Kf2 h5 51. Kg1 g4 52. hxg4+ Kxg4 53. Kh2 h4
54. Kg1 Kg3 55. Kf1 Ra1+ 56. Ke2 Kxg2 57. Ke3 h3 0-1

[Event "MCR druzstev mladsich zaku 2016"]
[Site "Hradec Kralove"]
[Date "2016.06.12"]
[Round "2.16"]
[White "Studenovsky (VSTE CB), Jaroslav"]
[Black "Pulpan (Polabiny A), Ondrej"]
[Result "1/2-1/2"]
[BlackElo "1479"]
[WhiteElo "1389"]
[LiveChessVersion "1.4.8"]

1. e4 {[%clk 0:25:26]} c5 {[%clk 0:25:21]} 2. Nf3 {[%clk 0:25:32]} Nc6
{[%clk 0:25:29]} 3. c3 {[%clk 0:25:36]} d6 {[%clk 0:25:24]} 4. Bc4
{[%clk 0:25:31]} Nf6 {[%clk 0:25:14]} 5. d3 {[%clk 0:25:16]} g6 6. O-O
{[%clk 0:25:02]} Bg7 {[%clk 0:25:15]} 7. Re1 {[%clk 0:24:54]} O-O
{[%clk 0:24:54]} 8. Nbd2 {[%clk 0:24:48]} a6 {[%clk 0:24:42]} 9. a4
{[%clk 0:24:12]} Bd7 {[%clk 0:24:06]} 10. Nf1 {[%clk 0:24:03]} Rb8
{[%clk 0:23:29]} 11. Be3 {[%clk 0:23:16]} b5 {[%clk 0:23:05]} 12. axb5
{[%clk 0:22:40]} axb5 {[%clk 0:23:13]} 13. Bb3 {[%clk 0:22:38]} Bg4
{[%clk 0:18:32]} 14. h3 {[%clk 0:22:20]} Bxf3 {[%clk 0:18:11]} 15. Qxf3
{[%clk 0:22:18]} Ne5 {[%clk 0:17:41]} 16. Qd1 {[%clk 0:20:59]} c4
{[%clk 0:13:30]} 17. d4 {[%clk 0:18:42]} Nd3 {[%clk 0:11:45]} 18. Re2
{[%clk 0:18:21]} Nxf2 {[%clk 0:09:56]} 19. Rxf2 {[%clk 0:17:55]} cxb3
{[%clk 0:09:48]} 20. Ng3 {[%clk 0:16:21]} Qd7 {[%clk 0:05:59]} 21. Qxb3
{[%clk 0:15:24]} Ra8 {[%clk 0:05:26]} 22. Rxa8 {[%clk 0:14:05]} Rxa8
{[%clk 0:05:29]} 23. e5 {[%clk 0:14:06]} dxe5 {[%clk 0:04:25]} 24. dxe5
{[%clk 0:13:54]} Nd5 {[%clk 0:03:49]} 25. Bd4 {[%clk 0:13:17]} Rf8
{[%clk 0:02:51]} 26. c4 {[%clk 0:12:17]} 1/2-1/2

[Event "MCR druzstev mladsich zaku 2016"]
[Site "Hradec Kralove"]
[Date "2016.06.12"]
[Round "2.17"]
[White "Brozka (Polabiny A), Karel"]
[Black "Kotal (VSTE CB), Vit"]
[Result "1-0"]
[BlackElo "1321"]
[WhiteElo "1485"]
[LiveChessVersion "1.4.8"]

1. d4 {[%clk 0:25:16]} Nf6 {[%clk 0:25:13]} 2. c4 {[%clk 0:25:18]} g6
{[%clk 0:24:59]} 3. Nc3 {[%clk 0:25:15]} Bg7 {[%clk 0:24:51]} 4. Nf3
{[%clk 0:25:07]} d6 {[%clk 0:24:17]} 5. Bg5 {[%clk 0:24:32]} Nbd7
{[%clk 0:23:43]} 6. e3 {[%clk 0:24:23]} O-O {[%clk 0:23:13]} 7. Be2
{[%clk 0:24:03]} c5 {[%clk 0:22:28]} 8. d5 {[%clk 0:23:34]} Nb6 {[%clk 0:21:55]}
9. O-O {[%clk 0:22:52]} Bg4 {[%clk 0:20:48]} 10. b3 {[%clk 0:21:50]} Nfd7
{[%clk 0:19:23]} 11. Rc1 {[%clk 0:21:13]} Ne5 {[%clk 0:17:33]} 12. Bf4
{[%clk 0:19:55]} Bxf3 {[%clk 0:16:31]} 13. Bxf3 {[%clk 0:19:59]} f5
{[%clk 0:16:00]} 14. Bxe5 {[%clk 0:17:31]} Bxe5 {[%clk 0:16:00]} 15. e4
{[%clk 0:16:57]} Qd7 {[%clk 0:14:41]} 16. exf5 {[%clk 0:16:26]} Qxf5
{[%clk 0:13:44]} 17. Bg4 {[%clk 0:15:55]} Qf6 {[%clk 0:12:45]} 18. Qd3
{[%clk 0:14:30]} Bxc3 {[%clk 0:11:20]} 19. Qxc3 {[%clk 0:14:21]} Qg5
{[%clk 0:09:43]} 20. Be6+ {[%clk 0:14:20]} Rf7 {[%clk 0:09:14]} 21. Bxf7+
{[%clk 0:14:25]} Kxf7 {[%clk 0:09:19]} 22. Qg3 {[%clk 0:13:56]} Qh6
{[%clk 0:07:47]} 23. Rce1 {[%clk 0:13:18]} Re8 {[%clk 0:06:43]} 24. Re3
{[%clk 0:12:42]} Nd7 {[%clk 0:05:53]} 25. Qg4 {[%clk 0:11:40]} Ne5
{[%clk 0:05:07]} 26. Qe6+ {[%clk 0:11:02]} Kf8 {[%clk 0:04:13]} 27. f4
{[%clk 0:08:50]} Nf7 {[%clk 0:03:37]} 28. Rh3 {[%clk 0:08:24]} Qg7
{[%clk 0:03:38]} 29. f5 {[%clk 0:07:01]} Ng5 {[%clk 0:03:16]} 30. fxg6+
{[%clk 0:06:59]} 1-0

[Event "MCR druzstev mladsich zaku 2016"]
[Site "Hradec Kralove"]
[Date "2016.06.12"]
[Round "2.18"]
[White "Hejda (VSTE CB), Ondrej"]
[Black "Sulcova (Polabiny A), Tereza"]
[Result "1-0"]
[BlackElo "1178"]
[WhiteElo "1102"]
[LiveChessVersion "1.4.8"]

1. e4 {[%clk 0:25:10]} e6 {[%clk 0:25:14]} 2. Nf3 {[%clk 0:24:59]} d5
{[%clk 0:25:21]} 3. Nc3 {[%clk 0:24:47]} Nf6 {[%clk 0:25:11]} 4. Be2
{[%clk 0:24:28]} Nxe4 {[%clk 0:25:07]} 5. O-O {[%clk 0:23:45]} Nc6
{[%clk 0:24:55]} 6. d3 {[%clk 0:23:28]} Nxc3 {[%clk 0:24:54]} 7. bxc3
{[%clk 0:23:13]} Bd6 {[%clk 0:24:43]} 8. c4 {[%clk 0:22:59]} dxc4
{[%clk 0:24:48]} 9. dxc4 Bd7 10. Bb2 {[%clk 0:22:04]} O-O {[%clk 0:24:24]} 11.
Qd2 Qe7 {[%clk 0:24:04]} 12. Qc3 {[%clk 0:20:51]} e5 {[%clk 0:23:58]} 13. Rfd1
{[%clk 0:20:07]} Qf6 {[%clk 0:23:49]} 14. c5 {[%clk 0:19:31]} Bxc5
{[%clk 0:22:01]} 15. Qxc5 {[%clk 0:18:54]} b6 {[%clk 0:22:08]} 16. Qc3
{[%clk 0:18:38]} Bf5 17. Nxe5 Nxe5 {[%clk 0:20:31]} 18. Qxe5 {[%clk 0:18:18]}
Qxe5 {[%clk 0:20:33]} 19. Bxe5 {[%clk 0:18:16]} Bxc2 {[%clk 0:20:34]} 20. Rd2
{[%clk 0:17:56]} Bg6 {[%clk 0:19:52]} 21. Bxc7 {[%clk 0:17:31]} Rac8
{[%clk 0:19:40]} 22. Rd7 {[%clk 0:17:13]} Rfe8 {[%clk 0:19:33]} 23. Ba6
{[%clk 0:16:39]} Rxc7 {[%clk 0:17:20]} 24. Rxc7 {[%clk 0:16:05]} h6
{[%clk 0:17:06]} 25. h3 {[%clk 0:16:00]} Kh8 {[%clk 0:15:37]} 26. Rxa7
{[%clk 0:15:21]} Kg8 {[%clk 0:11:45]} 27. g4 {[%clk 0:14:32]} Kh8
{[%clk 0:11:38]} 28. h4 {[%clk 0:13:51]} Kg8 {[%clk 0:11:40]} 29. f4
{[%clk 0:13:26]} Be4 {[%clk 0:11:37]} 30. Re1 {[%clk 0:13:09]} Kf8
{[%clk 0:11:27]} 31. Rc1 {[%clk 0:12:36]} Bd5 {[%clk 0:10:00]} 32. Rcc7
{[%clk 0:11:41]} Re1+ {[%clk 0:09:48]} 33. Kf2 {[%clk 0:11:05]} Rh1
{[%clk 0:09:32]} 34. Bb5 {[%clk 0:10:43]} Rh2+ {[%clk 0:09:32]} 35. Kg3
{[%clk 0:10:22]} Rg2+ {[%clk 0:09:12]} 36. Kh3 {[%clk 0:10:06]} Rf2
{[%clk 0:07:05]} 37. Rc8# 1-0

[Event "MCR druzstev mladsich zaku 2016"]
[Site "Hradec Kralove"]
[Date "2016.06.12"]
[Round "3.1"]
[White "Kures (Loko Brno), Michael"]
[Black "Krejcok (BSS F-M \"A\"), Tobias"]
[Result "0-1"]
[BlackElo "1794"]
[WhiteElo "1633"]
[LiveChessVersion "1.4.8"]

1. d4 {[%clk 0:25:18]} Nf6 {[%clk 0:25:18]} 2. Nc3 {[%clk 0:25:23]} d5
{[%clk 0:25:17]} 3. Bg5 {[%clk 0:25:27]} e6 {[%clk 0:25:03]} 4. f4
{[%clk 0:25:31]} h6 {[%clk 0:24:44]} 5. Bh4 {[%clk 0:25:33]} Be7 {[%clk 0:24:28]}
6. Nf3 {[%clk 0:25:03]} Nbd7 {[%clk 0:24:22]} 7. e3 {[%clk 0:24:14]} O-O
{[%clk 0:23:23]} 8. Bd3 {[%clk 0:24:08]} c5 {[%clk 0:21:21]} 9. O-O
{[%clk 0:23:10]} Ng4 {[%clk 0:20:04]} 10. Bxe7 {[%clk 0:22:53]} Qxe7
{[%clk 0:20:12]} 11. Qd2 {[%clk 0:22:23]} cxd4 {[%clk 0:19:13]} 12. exd4
{[%clk 0:21:30]} a6 {[%clk 0:17:11]} 13. Ne5 {[%clk 0:20:51]} Ngxe5
{[%clk 0:15:27]} 14. fxe5 {[%clk 0:20:45]} f5 {[%clk 0:14:13]} 15. Ne2
{[%clk 0:19:49]} Kh7 {[%clk 0:13:08]} 16. h3 {[%clk 0:18:53]} b5 {[%clk 0:13:04]}
17. a3 {[%clk 0:18:41]} Bb7 {[%clk 0:12:57]} 18. Kh2 {[%clk 0:18:39]} Rac8
{[%clk 0:12:48]} 19. c3 {[%clk 0:18:25]} g6 {[%clk 0:11:33]} 20. g3
{[%clk 0:17:28]} Nb6 {[%clk 0:11:34]} 21. b3 {[%clk 0:17:10]} Bc6
{[%clk 0:11:06]} 22. Nc1 {[%clk 0:12:31]} a5 {[%clk 0:10:33]} 23. Be2
{[%clk 0:10:40]} a4 {[%clk 0:08:58]} 24. b4 {[%clk 0:10:18]} Nc4 {[%clk 0:08:48]}
25. Bxc4 {[%clk 0:10:12]} dxc4 {[%clk 0:08:48]} 26. Ne2 {[%clk 0:09:42]} Be4
{[%clk 0:07:07]} 27. Rf2 {[%clk 0:09:08]} g5 {[%clk 0:06:23]} 28. Raf1
{[%clk 0:08:35]} Rf7 {[%clk 0:06:10]} 29. Kg1 {[%clk 0:07:56]} Rcf8
{[%clk 0:05:53]} 30. Kh2 {[%clk 0:07:41]} Kg6 {[%clk 0:05:46]} 31. Kg1
{[%clk 0:05:46]} Qb7 {[%clk 0:05:25]} 32. Rh2 {[%clk 0:05:42]} Bd3
{[%clk 0:04:55]} 33. Rff2 {[%clk 0:05:04]} Qe4 {[%clk 0:04:47]} 34. Nc1
{[%clk 0:04:12]} f4 {[%clk 0:04:30]} 35. g4 {[%clk 0:03:53]} f3 {[%clk 0:03:49]}
36. Nxd3 {[%clk 0:03:46]} cxd3 {[%clk 0:03:43]} 37. Rf1 {[%clk 0:03:17]} Kg7
{[%clk 0:02:22]} 38. Re1 {[%clk 0:02:43]} f2+ {[%clk 0:01:48]} 39. Qxf2
{[%clk 0:00:28]} Rxf2 {[%clk 0:01:50]} 40. Rxe4 {[%clk 0:00:30]} Rxh2 41. Re1
{[%clk 0:00:28]} Re2 {[%clk 0:01:54]} 42. Rd1 {[%clk 0:00:35]} d2
{[%clk 0:02:03]} 0-1

[Event "MCR druzstev mladsich zaku 2016"]
[Site "Hradec Kralove"]
[Date "2016.06.12"]
[Round "3.2"]
[White "Mica (BSS F-M \"A\"), Marek"]
[Black "Hvozdovic (Loko Brno), Jan"]
[Result "1-0"]
[BlackElo "1600"]
[WhiteElo "1859"]
[LiveChessVersion "1.4.8"]

1. d4 {[%clk 0:25:18]} d5 {[%clk 0:25:17]} 2. c4 {[%clk 0:25:26]} dxc4
{[%clk 0:25:24]} 3. Nc3 {[%clk 0:25:34]} Nf6 {[%clk 0:25:16]} 4. e4
{[%clk 0:25:41]} e6 {[%clk 0:25:19]} 5. Bxc4 {[%clk 0:25:48]} c5 {[%clk 0:25:18]}
6. Nf3 {[%clk 0:25:25]} a6 {[%clk 0:25:19]} 7. Be3 {[%clk 0:24:50]} b5
{[%clk 0:24:59]} 8. Bd3 {[%clk 0:24:54]} Nbd7 {[%clk 0:23:00]} 9. O-O
{[%clk 0:24:27]} Bb7 {[%clk 0:22:23]} 10. e5 {[%clk 0:23:51]} Nd5
{[%clk 0:21:23]} 11. Nxd5 {[%clk 0:23:44]} Bxd5 {[%clk 0:21:12]} 12. Be2
{[%clk 0:22:20]} c4 {[%clk 0:20:32]} 13. Nd2 {[%clk 0:21:49]} Be7
{[%clk 0:20:05]} 14. f4 {[%clk 0:21:43]} O-O {[%clk 0:19:08]} 15. Bf3
{[%clk 0:21:51]} Nb6 {[%clk 0:18:51]} 16. Be4 {[%clk 0:21:21]} Bxe4
{[%clk 0:17:58]} 17. Nxe4 {[%clk 0:21:28]} Nd5 {[%clk 0:18:00]} 18. Bd2
{[%clk 0:21:01]} Qb6 {[%clk 0:17:40]} 19. Be1 {[%clk 0:20:27]} Ne3
{[%clk 0:17:42]} 20. Qd2 {[%clk 0:19:27]} Nxf1 {[%clk 0:17:43]} 21. Kxf1
{[%clk 0:19:35]} a5 {[%clk 0:16:21]} 22. Bf2 {[%clk 0:19:17]} Qc6
{[%clk 0:15:59]} 23. Qc2 {[%clk 0:19:26]} h6 {[%clk 0:14:56]} 24. Re1
{[%clk 0:18:40]} f5 {[%clk 0:12:03]} 25. Ng3 {[%clk 0:16:56]} Rad8
{[%clk 0:07:25]} 26. Qd1 {[%clk 0:15:52]} Bh4 {[%clk 0:05:38]} 27. Qd2
{[%clk 0:12:31]} Bxg3 {[%clk 0:04:29]} 28. Bxg3 {[%clk 0:12:26]} Rd5
{[%clk 0:03:43]} 29. Bh4 {[%clk 0:12:16]} Qd7 {[%clk 0:03:42]} 30. Bf2
{[%clk 0:11:55]} b4 {[%clk 0:03:30]} 31. Qc2 {[%clk 0:11:16]} Qb5
{[%clk 0:03:29]} 32. Rc1 {[%clk 0:10:26]} Rc8 {[%clk 0:03:34]} 33. Ke2
{[%clk 0:09:41]} Rd7 {[%clk 0:02:55]} 34. h3 {[%clk 0:08:13]} Rdc7
{[%clk 0:02:54]} 35. Ke1 {[%clk 0:08:09]} c3 {[%clk 0:02:46]} 36. b3
{[%clk 0:08:17]} Qd5 {[%clk 0:02:48]} 37. Kf1 {[%clk 0:08:12]} Ra8
{[%clk 0:02:21]} 38. Kg1 {[%clk 0:07:18]} Qb5 {[%clk 0:02:19]} 39. g4
{[%clk 0:07:09]} fxg4 {[%clk 0:02:08]} 40. hxg4 {[%clk 0:07:14]} a4
{[%clk 0:01:57]} 41. f5 {[%clk 0:06:54]} axb3 {[%clk 0:01:37]} 42. Qxb3
{[%clk 0:06:56]} Qc4 {[%clk 0:00:52]} 43. fxe6 {[%clk 0:06:04]} Qxb3
{[%clk 0:00:42]} 44. axb3 {[%clk 0:06:11]} Ra5 {[%clk 0:00:39]} 45. Kg2
{[%clk 0:05:57]} Re7 46. Kf3 {[%clk 0:05:37]} Rxe6 {[%clk 0:00:51]} 47. Ke4
{[%clk 0:05:36]} Rg6 {[%clk 0:00:40]} 48. Kf5 {[%clk 0:05:10]} Kf7
{[%clk 0:00:36]} 49. Be3 {[%clk 0:04:40]} Rc6 {[%clk 0:00:19]} 50. Ke4
{[%clk 0:04:36]} 1-0